Dragonwings / (Record no. 1944)

MARC details
000 -LEADER
fixed length control field 01312cam a2200397 4500
001 - CONTROL NUMBER
control field 1944
003 - CONTROL NUMBER IDENTIFIER
control field FISKH
005 - DATE AND TIME OF LATEST TRANSACTION
control field 20231019160423.0
008 - FIXED-LENGTH DATA ELEMENTS--GENERAL INFORMATION
fixed length control field 760105s1975 nyu j 000 1 eng
010 ## - LIBRARY OF CONGRESS CONTROL NUMBER
LC control number 74002625
020 ## - INTERNATIONAL STANDARD BOOK NUMBER
International Standard Book Number 9780590434508
020 ## - INTERNATIONAL STANDARD BOOK NUMBER
International Standard Book Number 0060267380 (lib. bdg.)
040 ## - CATALOGING SOURCE
Original cataloging agency DLC
Transcribing agency DLC
Modifying agency DLC
Language of cataloging eng
042 ## - AUTHENTICATION CODE
Authentication code lcac
050 00 - LIBRARY OF CONGRESS CALL NUMBER
Classification number PZ7.Y44
Item number Dr
051 ## - LIBRARY OF CONGRESS COPY, ISSUE, OFFPRINT STATEMENT
Classification number PZ7.Y44
Item number Dr Copy 2
Copy information Signed by the author, 1/27/76. In dust jacket.
082 00 - DEWEY DECIMAL CLASSIFICATION NUMBER
Classification number 420
100 1# - MAIN ENTRY--PERSONAL NAME
Personal name Yep, Laurence,
Dates associated with a name 1948-
245 10 - TITLE STATEMENT
Title Dragonwings /
Statement of responsibility, etc. by Laurence Yep.
250 ## - EDITION STATEMENT
Edition statement First Scholastic printing, October 1990
260 ## - PUBLICATION, DISTRIBUTION, ETC.
Place of publication, distribution, etc. New York :
Name of publisher, distributor, etc. Scholastic,
Date of publication, distribution, etc. 1975.
300 ## - PHYSICAL DESCRIPTION
Extent 248 pages ;
Dimensions 20 cm
505 ## - FORMATTED CONTENTS NOTE
Formatted contents note W<br/>
520 ## - SUMMARY, ETC.
Summary, etc. In the early twentieth century a young Chinese boy joins his father in San Francisco and helps him realize his dream of making a flying machine.
521 8# - TARGET AUDIENCE NOTE
Target audience note 870<br/>
Source Lexile<br/>
521 8# - TARGET AUDIENCE NOTE
Target audience note W<br/>
Source Raz-Plus<br/>
586 ## - AWARDS NOTE
Awards note Newbery Honor Book, 1976
650 #1 - SUBJECT ADDED ENTRY--TOPICAL TERM
Topical term or geographic name entry element Fathers and sons
General subdivision Fiction.
650 #1 - SUBJECT ADDED ENTRY--TOPICAL TERM
Topical term or geographic name entry element Chinese Americans
General subdivision Fiction.
651 #1 - SUBJECT ADDED ENTRY--GEOGRAPHIC NAME
Geographic name San Francisco (Calif.)
General subdivision History
Chronological subdivision 20th century
General subdivision Fiction.
655 #7 - INDEX TERM--GENRE/FORM
Genre/form data or focus term Juvenile literature
Chronological subdivision 1975.
Source of term rbgenr
906 ## - LOCAL DATA ELEMENT F, LDF (RLIN)
a 7
b cbc
c orignew
d 2
e ocip
f 19
g y-gencatlg
942 ## - ADDED ENTRY ELEMENTS (KOHA)
Source of classification or shelving scheme Dewey Decimal Classification
Koha item type Books
Suppress in OPAC No
Holdings
Withdrawn status Lost status Source of classification or shelving scheme Damaged status Not for loan Collection Home library Current library Shelving location Date acquired Total Checkouts Full call number Barcode Date last seen Copy number Price effective from Koha item type
    Dewey Decimal Classification     Fiction Footprints International School Library Network Toul Kork Campus Footprints International School Library Network Toul Kork Campus A TK Campus, 4th Floor, Room B401, Fiction Bookcases (1-6) 10/19/2023   YEP 420 PZ7.Y44 FISTK04877 10/19/2023 2 10/19/2023 Books
    Dewey Decimal Classification     Fiction Footprints International School Library Network Toul Kork Campus Footprints International School Library Network Toul Kork Campus A TK Campus, 4th Floor, Room B401, Fiction Bookcases (1-6) 10/19/2023   YEP 420 PZ7.Y44 FISTK05347 10/19/2023 1 10/19/2023 Books
    Dewey Decimal Classification     Fiction Footprints International School Library Network Toul Kork Campus Footprints International School Library Network Toul Kork Campus TTP Secondary Fiction Bookshelves 10/19/2023   YEP 420 PZ7.Y44 FISSE01148 12/03/2024 3 10/19/2023 Books